| 000 | 00599nam a2200169 i 4500 | ||
|---|---|---|---|
| 001 | 40166 | ||
| 003 | ES-MaACL | ||
| 005 | 20230906160143.0 | ||
| 007 | t| | ||
| 008 | 030305s1942 ag ||||1| spa d | ||
| 100 | 1 |
_aCarcopino, Jerome. _935109 |
|
| 245 | 1 | 3 |
_aLa vida cotidiana en Roma, en el apogeo del Imperio / _cJérôme Carcopino ; versión española de Ricardo A. Caminos. |
| 260 |
_aBuenos Aires : _bLibrería Hachette, _c[1942] ( _fTalls. Gráfs. Frigerio) |
||
| 300 |
_a481 p., 255 gráb. : _bil. ; _c24 cm. |
||
| 700 | 1 |
_aCaminos, Ricardo A. _934085 |
|
| 852 |
_aES-MaACL _jF-15869 _bR.20502 |
||
| 999 |
_c40166 _d40166 |
||